[Event "GRE-chT 51st"]
[White "Kountrias, Kosmas Ioannis"]
[Black "Papakyriakou, Petros"]
[Site "Trikala"]
[Round "2.10"]
[Result "0-1"]
[Date "2024.07.05"]
[WhiteElo "1779"]
[BlackElo "1655"]
[PlyCount "64"]
[EventDate "2024.07.04"]
[EventType "team-swiss"]
[EventRounds "7"]
[EventCountry "GRE"]
[SourceTitle "CBM 221 Extra"]
[Source "ChessBase"]
[SourceDate "2024.09.30"]
[SourceVersion "1"]
[SourceVersionDate "2024.09.30"]
[SourceQuality "1"]
[WhiteTeam "Trikalon Skaki"]
[BlackTeam "Pneemathlon"]
[WhiteTeamCountry "GRE"]
[BlackTeamCountry "GRE"]

1. e4 c5 2. Nf3 d6 3. d4 cxd4 4. Qxd4 Nc6 5. Bb5 a6 6. Bxc6+ bxc6 7. c4 e5 8. Qd3 Be7 9. 0-0 Nf6 10. c5 Qc7 11. Nc3 dxc5 12. Be3 Be6 13. Ng5 Qd7 14. Qc2 h6 15. Rfd1 Qc8 16. Nxe6 Qxe6 17. Na4 Nd7 18. Rxd7 Qxd7 19. Nb6 Qb7 20. Nxa8 0-0 21. b3 Rxa8 22. Bxc5 Bxc5 23. Qxc5 Qb5 24. Rc1 Rd8 25. Qe7 Rd2 26. Qe8+ Kh7 27. Qxf7 Rxa2 28. Rd1 Qa5 29. Qf5+ Kh8 30. Qc8+ Kh7 31. Qxc6 Ra1 32. Qc2 Qe1+ 0-1

[Event "GRE-ch U12"]
[White "Latos, Dimitrios"]
[Black "Kountrias, Kosmas Ioannis"]
[Site "Peristeri"]
[Round "9"]
[Result "0-1"]
[Date "2024.06.28"]
[WhiteElo "1523"]
[BlackElo "1781"]
[PlyCount "54"]
[EventDate "2024.06.22"]
[EventType "swiss"]
[EventRounds "9"]
[EventCountry "GRE"]
[SourceTitle "EXT 2025"]
[Source "ChessBase"]
[SourceDate "2024.10.14"]
[SourceVersion "1"]
[SourceVersionDate "2024.10.14"]
[SourceQuality "1"]

1. e4 c5 2. Nf3 e6 3. d4 cxd4 4. Nxd4 a6 5. c4 Nf6 6. Nc3 Bb4 7. Bd3 Nc6 8. Nc2 Bxc3+ 9. bxc3 d5 10. cxd5 exd5 11. exd5 Nxd5 12. Qd2 0-0 13. 0-0 Ne5 14. Be4 Nf6 15. Qe2 Re8 16. Bg5 h6 17. Rad1 Qe7 18. Bxf6 Qxf6 19. h3 Ng6 20. Qd3 Nf4 21. Qf3 Bf5 22. Bxf5 Qxf5 23. Ne3 Qe4 24. Qg4 h5 25. Qg3 Ne2+ 26. Kh2 Nxg3 27. Kxg3 Qe5+ 0-1

[Event "GRE-ch U12"]
[White "Kountrias, Kosmas Ioannis"]
[Black "Oikonomopoulos, Filippos"]
[Site "Peristeri"]
[Round "5"]
[Result "1/2-1/2"]
[Date "2024.06.25"]
[WhiteElo "1781"]
[BlackElo "1980"]
[PlyCount "78"]
[EventDate "2024.06.22"]
[EventType "swiss"]
[EventRounds "9"]
[EventCountry "GRE"]
[SourceTitle "EXT 2025"]
[Source "ChessBase"]
[SourceDate "2024.10.14"]
[SourceVersion "1"]
[SourceVersionDate "2024.10.14"]
[SourceQuality "1"]

1. e4 c5 2. Nf3 Nc6 3. d4 cxd4 4. Nxd4 e6 5. Nb5 Nf6 6. N1c3 d6 7. Bf4 e5 8. Bg5 a6 9. Na3 b5 10. Nd5 Be7 11. Bxf6 Bxf6 12. c4 b4 13. Nc2 0-0 14. g3 Bg5 15. Bg2 a5 16. 0-0 Ra7 17. Qd3 Bh6 18. f4 exf4 19. gxf4 f5 20. Nce3 g6 21. exf5 gxf5 22. Bh3 Raf7 23. a3 bxa3 24. bxa3 Bg7 25. Rab1 Qh4 26. Rf3 Kh8 27. Rg3 Qh5 28. Rb6 Bd7 29. Kg2 Bh6 30. Ra6 Rg8 31. Bxf5 Rxg3+ 32. hxg3 Rxf5 33. Nxf5 Bxf5 34. Qc3+ Ne5 35. fxe5 Be4+ 36. Kg1 Qh1+ 37. Kf2 Qg2+ 38. Ke1 Qg1+ 39. Ke2 Qg2+ 1/2-1/2

[Event "GRE-ch U12"]
[White "Kountrias, Kosmas Ioannis"]
[Black "Papakyriakou, Petros"]
[Site "Peristeri"]
[Round "3"]
[Result "1-0"]
[Date "2024.06.23"]
[WhiteElo "1781"]
[BlackElo "1629"]
[PlyCount "57"]
[EventDate "2024.06.22"]
[EventType "swiss"]
[EventRounds "9"]
[EventCountry "GRE"]
[SourceTitle "EXT 2025"]
[Source "ChessBase"]
[SourceDate "2024.10.14"]
[SourceVersion "1"]
[SourceVersionDate "2024.10.14"]
[SourceQuality "1"]

1. e4 c5 2. Nc3 d6 3. d3 Nf6 4. g3 g6 5. Bg2 Bg7 6. h3 Nbd7 7. Be3 a6 8. f4 Qc7 9. Qd2 Nb6 10. Nge2 e5 11. fxe5 dxe5 12. Nd5 Nfxd5 13. exd5 0-0 14. c4 f5 15. 0-0 Bd7 16. Qa5 Rac8 17. b4 Na4 18. Qxc7 Rxc7 19. d6 Rcc8 20. Bxb7 Rb8 21. Bd5+ Kh8 22. bxc5 e4 23. d4 Rfc8 24. Rab1 Rxb1 25. Rxb1 Bc6 26. Bxc6 Rxc6 27. Rb8+ Bf8 28. Rxf8+ Kg7 29. d7 1-0

[Event "GRE-ch U12"]
[White "Kountrias, Kosmas Ioannis"]
[Black "Kartsakis, Ioannis"]
[Site "Peristeri"]
[Round "3"]
[Result "0-1"]
[Date "2023.07.04"]
[WhiteElo "1476"]
[BlackElo "1272"]
[PlyCount "85"]
[EventDate "2023.07.03"]
[EventType "swiss"]
[EventRounds "9"]
[EventCountry "GRE"]
[SourceTitle "EXT 2024"]
[Source "ChessBase"]
[SourceDate "2023.10.10"]
[SourceVersion "1"]
[SourceVersionDate "2023.10.10"]
[SourceQuality "1"]

1. Nf3 c5 2. g3 g6 3. Bg2 Bg7 4. 0-0 Nc6 5. e4 e5 6. d3 Nge7 7. c3 d6 8. Be3 0-0 9. Qd2 f5 10. Bh6 Bd7 11. Rd1 f4 12. Bxg7 Kxg7 13. d4 Bg4 14. d5 Nb8 15. Rf1 Qc8 16. Na3 Na6 17. Nc4 b5 18. Nxd6 Qb8 19. Nxe5 f3 20. Nxg4 fxg2 21. Qh6+ Kh8 22. Rfd1 Qxd6 23. e5 Qd8 24. Nf6 Rf7 25. f4 c4 26. d6 Nf5 27. Qg5 Qb6+ 28. Kxg2 Ne3+ 29. Kf3 Nxd1 30. Rxd1 Qc6+ 31. Kg4 Nc5 32. f5 Ne4 33. Qh6 Nxf6+ 34. exf6 Rxf6 35. Kh3 Qd7 36. g4 Rxd6 37. Rg1 Rd3+ 38. Kh4 Qe7+ 39. g5 Qe4+ 40. Rg4 Qxf5 41. a4 Qf2+ 42. Rg3 Rxg3 43. hxg3 0-1

[Event "GRE-ch U10"]
[White "Kountrias, Kosmas Ioannis"]
[Black "Chorafas, Emmanouil"]
[Site "Thessaloniki"]
[Round "1"]
[Result "1-0"]
[Date "2022.08.18"]
[WhiteElo "1297"]
[BlackElo "1003"]
[PlyCount "79"]
[EventDate "2022.08.18"]
[EventType "swiss"]
[EventRounds "9"]
[EventCountry "GRE"]
[SourceTitle "EXT 2023"]
[Source "ChessBase"]
[SourceDate "2022.10.05"]
[SourceVersion "1"]
[SourceVersionDate "2022.10.05"]
[SourceQuality "1"]

1. e4 e5 2. Nf3 Nc6 3. Bb5 a6 4. Ba4 Nf6 5. d3 b5 6. Bb3 Be7 7. c3 d5 8. Qe2 dxe4 9. dxe4 Be6 10. Bxe6 fxe6 11. 0-0 0-0 12. Nbd2 Qd7 13. Re1 Rad8 14. Nf1 Qd3 15. Qxd3 Rxd3 16. Ng3 h6 17. Be3 Ng4 18. Nf1 Rfd8 19. h3 Nxe3 20. Nxe3 Bc5 21. Ng4 Bd6 22. Re2 h5 23. Ne1 Nd4 24. cxd4 Rxd4 25. Nh2 c6 26. Rc1 Rc8 27. Nhf3 Rb4 28. Nd3 Ra4 29. b3 Ra5 30. Ndxe5 c5 31. b4 Ra3 32. bxc5 Bxc5 33. Rec2 Bxf2+ 34. Kxf2 Re8 35. Rc8 Rxa2+ 36. Kg3 Rxc8 37. Rxc8+ Kh7 38. Ng5+ Kh6 39. Ngf7+ Kh7 40. Rh8# 1-0